=LDR 00000nam 2200000 4500 =001 INLIS000000000038109 =005 20130612143809 =008 ***********************************ind** =035 ##$$0010-061300000038109 =041 ##$$a ind =082 ##$$a 420.7 =100 ##$$a muhaimin =245 ##$$a the strategic ways to face:kunci-kunci strategis menaklukkan segala jenis ujian bhs. inggris =260 ##$$a jogjakarta $b diva press =300 ##$$a 259 hlm =850 ##$$a NBPNMAT